000 00714pam a2200217 a 4500
001 4397125
005 20250328123733.0
008 921029s1993 ilua b 001 0 eng
020 _a0256141207 (recycled paper)
050 0 0 _aHD30.28
_b.C42 1993
082 0 0 _a658.4/012
_220
100 1 _aCerto, Samuel C.
245 1 0 _aStrategic management :
_ba focus on process /
_cSamuel C. Certo, J. Paul Peter.
250 _a2nd ed.
260 _aHomewood, IL. :
_bIrwin,
_cc1993.
300 _axxv, 372 p. :
_bill. (some col.) ;
_c24 cm.
500 _aPreviously published as part of Strategic management : concepts and applications.
650 0 _aStrategic planning.
700 1 _aPeter, J. Paul.
942 _2lcc
_cBK
_n0
999 _c5298
_d5298